[Event "ESP-ch Seniors 2017"]
[Site "Altea"]
[Date "2017.10.09"]
[Round "3"]
[White "Campos Gambuti, Luis Maria"]
[Black "Mancebo Ibanez, Fernando"]
[Result "1-0"]
[WhiteElo "2413"]
[BlackElo "2100"]
[Annotator "TA"]
[PlyCount "61"]
[EventDate "2017.??.??"]
[EventType "swiss"]
[EventCountry "ESP"]
[SourceTitle "playchess.com"]
[Source "ChessBase"]
[SourceQuality "1"]

{[%evp 11,61,22,24,34,38,34,137,126,164,172,153,124,118,110,118,103,118,87,116,108,120,99,101,90,104,91,116,110,159,124,197,205,206,205,198,198,194,194,180,182,418,435,404,430,404,407,509,517,575,595,579,528]} 1. e4 c6 2. c4 d5 3. exd5 cxd5 4. cxd5 Nf6 5. Qa4+ Bd7 6. Qb3 Na6 7. Nc3 {B10: Caro-Kann: 2 d3 and 2 c4} Qb6 8. Bc4 (8. Qd1 Nb4 9. Bc4 e6 10. dxe6 Bxe6 11. Bb5+ Bd7 12. Bxd7+ Nxd7 13. d4 Qxd4 14. Qe2+ Be7 {½-½ (54) Romanov,E (2586)-Gavrilov,A (2439) Riga 2015}) 8... Rc8 (8... Qxb3 $14 9. Bxb3 Nc5) 9. Nf3 $1 $16 {White is clearly better.} Nc5 10. Qxb6 axb6 11. d3 $146 ({Predecessor:} 11. Ne5 b5 12. Nxb5 {1-0 (12) Jeanne,M (2175)-Labarrere,D (1868) Mont de Marsan 2008}) 11... b5 12. Nxb5 {Strongly threatening Ne5.} Nxd5 13. Ne5 e6 14. Nxd7 Kxd7 15. Ke2 Be7 16. b3 Bf6 17. Rb1 Rhd8 18. Bd2 Ke8 19. Rhc1 {Threatens to win with Bxd5.} Be7 20. a4 Kf8 (20... Na6 $16) 21. Bxd5 $1 $18 exd5 {[#]} 22. Ba5 $1 Re8 {[#]} 23. Nc7 $1 Bg5+ 24. Nxe8 Rxe8+ 25. Kf3 Nxd3 $2 (25... Bxc1 {keeps fighting.} 26. Bb4 (26. Rxc1 Nxb3 27. Bb4+ Kg8 $14) 26... Kg8 27. Bxc5 Bd2) 26. Rd1 Ne5+ 27. Kg3 Ng6 28. Rxd5 h6 29. Re1 {White is clearly winning.} Rc8 30. Re4 Rc2 31. h4 {Precision: White = 81%, Black = 19%.} 1-0

[Event "ESP-ch Seniors 2017"]
[Site "Altea"]
[Date "2017.10.09"]
[Round "3"]
[White "Suba, Mihai"]
[Black "Bautista Sanchez, Joan"]
[Result "1-0"]
[WhiteElo "2315"]
[BlackElo "2123"]
[Annotator "NA"]
[PlyCount "39"]
[EventDate "2017.??.??"]
[EventType "swiss"]
[EventCountry "ESP"]
[SourceTitle "playchess.com"]
[Source "ChessBase"]
[SourceQuality "1"]
[TimeControl "5400+30"]

1. e4 {[%emt 0:01:08]} c6 {[%emt 0:00:12]} 2. c4 {[%emt 0:00:08]} d5 {[%emt 0:01:56]} 3. cxd5 {[%emt 0:00:08]} cxd5 {[%emt 0:00:07]} 4. exd5 {[%emt 0:00:02]} Qxd5 {[%emt 0:00:22]} 5. Nc3 {[%emt 0:00:26]} Qd8 {[%emt 0:00:12]} 6. d4 {[%emt 0:00:31]} Nf6 {[%emt 0:00:26]} 7. Nf3 {[%emt 0:00:20]} e6 {[%emt 0:00:29]} 8. Bd3 {[%emt 0:00:34]} Be7 {[%emt 0:00:39]} 9. O-O {[%emt 0:00:11]} O-O {[%emt 0:00:22]} 10. Re1 {[%emt 0:00:46]} Nc6 {[%emt 0:02:11]} 11. a3 {[%emt 0:00:08]} a6 {[%emt 0:02:05]} 12. Bc2 {[%emt 0:00:20]} b5 {[%emt 0:09:39]} 13. Qd3 {[%emt 0:00:19]} Bb7 {[%emt 0:01:03]} 14. d5 {[%emt 0:01:50]} exd5 {[%emt 0:03:11]} 15. Bg5 {[%emt 0:00:29]} Ne4 {[%emt 0:03:02]} 16. Nxe4 {[%emt 0:02:11]} dxe4 {[%emt 0:00:42]} 17. Qxe4 {[%emt 0:00:39]} f5 {[%emt 0:00:41]} 18. Qe6+ {[%emt 0:02:43]} Rf7 {[%emt 0:01:48]} 19. Bb3 {[%emt 0:00:37]} Qf8 {[%emt 0:00:28]} 20. Bxe7 {[%emt 0:00:16]} 1-0

[Event "ESP-ch Seniors 2017"]
[Site "Altea"]
[Date "2017.10.09"]
[Round "3"]
[White "Garcia Fernandez, Carlos"]
[Black "Ramos Ferrandiz, Juan Carlos"]
[Result "1-0"]
[WhiteElo "2264"]
[BlackElo "2073"]
[Annotator "TA"]
[PlyCount "53"]
[EventDate "2017.??.??"]
[EventType "swiss"]
[EventCountry "ESP"]
[SourceTitle "playchess.com"]
[Source "ChessBase"]
[SourceQuality "1"]

{[%evp 13,53,-9,-2,-12,-14,-13,-12,-15,-15,-13,-14,-11,-13,-13,0,-15,-21,-13,0,-16,84,72,333,346,331,331,387,388,384,303,383,347,337,335,382,254,581,0,400,405,668,663]} 1. e4 c6 2. c4 d5 3. exd5 cxd5 4. cxd5 Nf6 5. Qa4+ Nbd7 6. Nc3 g6 7. Nf3 Bg7 8. Bc4 {B10: Caro-Kann: 2 d3 and 2 c4} O-O 9. d3 a6 {[#] ...b5 is the strong threat.} 10. Qa3 {The position is equal.} b6 11. O-O Bb7 12. Re1 Re8 13. Be3 Rc8 14. Rac1 b5 15. Bb3 Nb6 {[%cal Rb6d5]} 16. d6 $146 ({Predecessor:} 16. Bxb6 Qxb6 {0-1 (38) Delabaca,R (2178)-Postny,E (2661) Paleochora 2008}) 16... e6 (16... exd6 $11 {keeps the balance.} 17. Ng5 d5) 17. Ne4 $36 {[%mdl 2048] And now Bxb6 would win. White is really pushing.} Nbd5 $2 {[%mdl 8192]} (17... Nbd7 $16) 18. Bg5 $18 Rxc1 19. Rxc1 (19. Bxc1 Qb6 $14) 19... b4 20. Qa4 Rf8 21. Ne5 {[%cal Bf3e5,Be5d7,Bd7f8,Bf8e6][%mdl 32]} h6 22. Bxf6 Bxf6 23. Nd7 Bxb2 24. Rc2 ({Weaker is} 24. Nxf8 Bxc1 25. Nd7 Bb2 $16) 24... Nc3 $2 (24... Nb6 {is tougher.} 25. Qxb4 (25. Nxb6 Qxb6 26. Rxb2 Bc6 $14) 25... Nxd7) 25. Nxc3 $2 ({White should play} 25. Nef6+ $18 Kg7 26. Qxb4) 25... bxc3 $4 {[%mdl 8192]} (25... Bxc3 $11 {and Black is okay.} 26. Nxf8 Kxf8) 26. Nxf8 Qxd6 {[#]} (26... Kxf8 $142 27. Qb4 Bc6) 27. Nxe6 $1 {Precision: White = 67%, Black = 24%.} 1-0

[Event "ESP-ch Seniors 2017"]
[Site "Altea"]
[Date "2017.10.09"]
[Round "3"]
[White "Simon Padros, Emili"]
[Black "Buxade Roca, Guillermo"]
[Result "1/2-1/2"]
[WhiteElo "2153"]
[BlackElo "2025"]
[Annotator "NA"]
[PlyCount "42"]
[EventDate "2017.??.??"]
[EventType "swiss"]
[EventCountry "ESP"]
[SourceTitle "playchess.com"]
[Source "ChessBase"]
[SourceQuality "1"]
[TimeControl "5400+30"]

1. e4 {[%emt 0:00:00]} c5 {[%emt 0:00:12]} 2. Nf3 {[%emt 0:00:00]} Nc6 {[%emt 0:00:11]} 3. d4 {[%emt 0:00:06]} cxd4 {[%emt 0:00:10]} 4. Nxd4 {[%emt 0:00:14]} Nf6 {[%emt 0:00:22]} 5. Nc3 {[%emt 0:00:13]} e5 {[%emt 0:00:23]} 6. Ndb5 {[%emt 0:00:15]} d6 {[%emt 0:00:26]} 7. Bg5 {[%emt 0:00:21]} a6 {[%emt 0:00:14]} 8. Na3 {[%emt 0:00:09]} b5 {[%emt 0:00:18]} 9. Nd5 {[%emt 0:00:22]} Be7 {[%emt 0:00:10]} 10. Bxf6 {[%emt 0:00:10]} Bxf6 {[%emt 0:00:11]} 11. c4 {[%emt 0:00:24]} b4 {[%emt 0:00:11]} 12. Nc2 {[%emt 0:00:09]} a5 {[%emt 0:00:09]} 13. g3 {[%emt 0:00:19]} g6 {[%emt 0:00:12]} 14. Bg2 {[%emt 0:02:20]} Bg7 {[%emt 0:00:11]} 15. O-O {[%emt 0:00:39]} O-O {[%emt 0:00:32]} 16. Qd3 {[%emt 0:00:50]} Be6 {[%emt 0:00:35]} 17. Rad1 {[%emt 0:01:39]} Rc8 {[%emt 0:00:34]} 18. b3 {[%emt 0:01:25]} Bxd5 {[%emt 0:03:31]} 19. exd5 {[%emt 0:23:53]} Nb8 {[%emt 0:05:19]} 20. a3 {[%emt 0:05:32]} Na6 {[%emt 0:08:39]} 21. axb4 {[%emt 0:01:42]} Nxb4 1/2-1/2

[Event "ESP-ch Seniors 2017"]
[Site "Altea"]
[Date "2017.10.09"]
[Round "3"]
[White "Fos Santacreu, Juan Andres"]
[Black "De Lucas Bello, Federico"]
[Result "1/2-1/2"]
[WhiteElo "2140"]
[BlackElo "1988"]
[Annotator "TA"]
[PlyCount "74"]
[EventDate "2017.??.??"]
[EventType "swiss"]
[EventCountry "ESP"]
[SourceTitle "playchess.com"]
[Source "ChessBase"]
[SourceQuality "1"]

{[%evp 11,74,-21,12,-3,6,-20,41,-3,10,-14,5,-23,-29,-84,-87,-168,-158,-195,-139,-200,-65,-302,-302,-293,-271,-248,-254,-444,-430,-423,-431,-416,-230,-218,-221,-209,-214,-315,-321,-325,-273,-289,-189,-321,-169,-407,-251,-244,-246,-259,-247,-250,-249,-243,-240,-187,-210,-233,-191,-185,-77,-71,97,18,21]} 1. d4 Nf6 2. Bg5 Ne4 3. Bh4 c5 4. f3 g5 5. fxe4 gxh4 6. e3 Nc6 {LiveBook: 5 Games. A45: Trompowsky Attack} (6... Bh6 7. Qd3 Qb6 8. Na3 Nc6 9. Nc4 Qc7 10. d5 Ne5 11. Nxe5 Qxe5 12. c3 f5 13. exf5 d6 14. Nf3 Qxf5 15. Qxf5 Bxf5 {½-½ (67) Grafl,F (2371)-Gascon del Nogal,J (2496) Sabadell 2017}) 7. c3 Bh6 8. Nf3 e6 (8... h3 $11) 9. d5 Ne7 10. Na3 Ng6 $146 ({Predecessor:} 10... d6 11. Bb5+ Kf8 12. dxe6 Bxe6 13. O-O Bxe3+ {½-½ (48) Al Hadarani,H-Assaad,S Asia 1989}) 11. Bd3 O-O 12. Kf2 (12. Qd2 $11 {remains equal.}) 12... a6 13. c4 (13. Nc2 $17) 13... Qf6 14. Rb1 Ne5 ({Black should try} 14... d6 $19 15. h3 exd5 16. cxd5 Ne5) 15. Nc2 {[#]} (15. Re1 $17) 15... Kh8 (15... b5 $1 $19 {[%mdl 512]} 16. b3 (16. cxb5 c4) 16... d6) 16. Ke2 $2 ({White must play} 16. Rf1 $1 $15) 16... Rg8 $19 17. Qf1 {[#]} b5 $1 {[%mdl 512]} 18. Nxe5 (18. cxb5 Nxd3) 18... Qxe5 19. Qf3 $2 (19. b3 {might work better.} d6 20. Qf2) 19... exd5 20. exd5 d6 21. Qe4 {[%csl Gd3][%cal Re4h7]} Qh5+ (21... Bg4+ $142 22. Kd2 Qxe4 23. Bxe4 bxc4) 22. Kd2 {[%csl Gd3][%cal Re4h7] [#]} f5 $1 {[%cal Rf5e4]} 23. Qf3 Qf7 24. Rbf1 {[#]} (24. Rhf1 $142) 24... f4 $1 {[%mdl 512]} 25. exf4 bxc4 26. Bxc4 Bg4 27. Qf2 (27. Qa3 $142) 27... Qf6 (27... Rab8 $142 28. b3 Qf6) 28. Rhg1 $2 (28. g3) 28... Qxb2 29. Rb1 Qf6 30. g3 Bg7 {Strongly threatening ...Qc3+.} ({But not} 30... hxg3 31. hxg3 Bg7 32. Rb3 $17) 31. Rb3 Rab8 {White must now prevent ...Rxb3.} 32. Rgb1 Rxb3 33. Rxb3 a5 34. Qe3 hxg3 35. hxg3 h5 (35... a4 $19 {has better winning chances.} 36. Rb7 Qh6) 36. Bd3 $17 {[#] Black should prevent Qe4.} Bh6 $2 (36... c4 $1 $17 {[%mdl 512]} 37. Bxc4 h4) 37. Rb7 ({Better is} 37. Qe4 $16 {[%csl Gd3][%cal Re4h7]} Qf7 38. Rb6) 37... Bf5 {Precision: White = 27%, Black = 40%.} 1/2-1/2

[Event "ESP-ch Seniors 2017"]
[Site "Altea"]
[Date "2017.10.09"]
[Round "3"]
[White "Lopez Pereyra, Antonio"]
[Black "Serrano Marhuenda, Salvador"]
[Result "0-1"]
[WhiteElo "2137"]
[BlackElo "2012"]
[Annotator "TA"]
[PlyCount "84"]
[EventDate "2017.??.??"]
[EventType "swiss"]
[EventCountry "ESP"]
[SourceTitle "playchess.com"]
[Source "ChessBase"]
[SourceQuality "1"]

{[%evp 21,84,52,61,31,45,65,75,70,63,44,94,102,120,56,45,56,60,60,58,78,104,50,51,43,184,0,27,-475,40,3,85,-58,-35,-85,266,75,132,106,204,35,91,-48,-60,-108,0,-181,-186,-194,-180,-861,-652,-1552,-1535,-29997,-404,-526,-494,-655,-602,-29974,-29978,-29967,-29961,-29999,-1155]} 1. e4 c5 2. Nf3 e6 3. d4 cxd4 4. Nxd4 a6 5. Nc3 Qc7 6. Be2 Nf6 7. O-O Nc6 8. Kh1 Bb4 9. Bg5 Bxc3 10. Bxf6 gxf6 11. bxc3 d6 {LiveBook: 7 Games. B47: Sicilian: Taimanov: 5 Nc3 Qc7 6 f4, 6 g3 and 6 Be2} 12. Bh5 Rg8 $146 ({Predecessor:} 12... Bd7 13. Qg4 Kf8 14. Qh4 Ke7 15. f4 Rhg8 16. Rae1 Nxd4 17. cxd4 Qxc2 18. Bf3 Rac8 19. e5 {1-0 (35) Oleksienko,M (2590)-Dzagnidze,N (2429) Cappelle-la-Grande 2008}) 13. f4 Ke7 {White is slightly better.} 14. Qd2 Bd7 15. Rad1 Rac8 {With the idea ...Nxd4.} 16. Nf3 Rcd8 17. Qf2 (17. Qe1 $16) 17... Qa5 $1 $14 {[%cal Ra5h5]} 18. Qh4 Qxc3 19. e5 dxe5 20. fxe5 Nxe5 {Hoping for ...Bb5.} 21. Nd4 ({Stronger than} 21. Nxe5 Qxe5 22. Qb4+ Ke8 $15) (21. Nd2 $1 $16 Ng6 22. Bxg6 Rxg6 23. Ne4) 21... Rg5 {[#] White must now prevent ...Bc6.} 22. Rxf6 $1 {[%mdl 512]} Rdg8 (22... h6 $1 $14 23. Rxh6 Rdg8) (22... Kxf6 23. Rf1+) 23. Rf2 $2 (23. Nf3 $1 $18 {[%cal Rf3g5]} Kxf6 24. Nxg5 Rxg5 25. Rf1+ Kg7 26. Qxg5+ Ng6 27. Bxg6) 23... f6 24. Qf4 $2 {[%mdl 8192]} (24. Rfd2 $11 {and White stays safe.}) 24... Rf8 $2 (24... Rxh5 $19 25. Qxf6+ Ke8) 25. Bf3 {[%mdl 1024] White has compensation.} (25. Ne2 Qc4 $15) 25... b5 (25... Bc8 $11) 26. Ne2 (26. h4 $16 Rg6 27. Rfd2) 26... Qc5 $1 $15 {[%cal Rc5f2]} 27. Nd4 Be8 $2 {[%mdl 8192]} ({Much weaker is} 27... Nxf3 $6 28. Qxf3 e5 29. Qe4 $11 (29. Nf5+ Rxf5 30. Rxd7+ Kxd7 $15)) (27... Kf7 $1 $17) 28. Rfd2 $2 (28. Qe3 $1 $18 {and the rest is easy. Strongly threatening Nf5+!} Kf7 29. Bd5 $1 {[%mdl 512]} Qxd5 30. Qxg5) 28... Nc4 ({Black should play} 28... Kf7) 29. Re2 Ne5 (29... Re5 $16 {keeps fighting.}) 30. Nb3 $2 (30. Qe3 $1 $18 Qc4 31. h4) 30... Qc7 (30... Qc3 $14) 31. Qb4+ (31. h4 $1 $16 {[%cal Rh4g5]} Rg7 32. Nd4) 31... Kf7 32. h4 {[#]} Rg7 ({Black should try} 32... Nxf3 $1 $17 {[%mdl 512]} 33. gxf3 Rg7) 33. Bh5+ $2 (33. Qd6 $1 $11 Kg8 34. Nc5 Qxd6 35. Rxd6 Nxf3 36. gxf3) 33... Kg8 $19 34. Bxe8 Rxe8 $40 {[%mdl 128] Black has strong attack.} 35. Re4 $2 (35. Qc5) 35... Qxc2 {[%csl Gg7][%cal Rc2g2]} 36. Rd2 Qb1+ 37. Kh2 {[#]} Qf1 (37... Nf3+ $142 $1 {[%mdl 512]} 38. gxf3 Qg1+ 39. Kh3 Rg3#) 38. Rf4 Qe1 39. Nc5 Qg3+ 40. Kh1 Ng4 {Black mates.} 41. Rxg4 Rxg4 42. Rd4 Qxh4+ {Precision: White = 16%, Black = 27%.} (42... Qxg2# $142) 0-1

[Event "ESP-ch Seniors 2017"]
[Site "Altea"]
[Date "2017.10.09"]
[Round "3"]
[White "Pastor Alonso De Prado, Alberto"]
[Black "Vallbona Domingo, Joan"]
[Result "1-0"]
[WhiteElo "2131"]
[BlackElo "1889"]
[Annotator "NA"]
[PlyCount "63"]
[EventDate "2017.??.??"]
[EventType "swiss"]
[EventCountry "ESP"]
[SourceTitle "playchess.com"]
[Source "ChessBase"]
[SourceQuality "1"]
[TimeControl "5400+30"]

1. e4 {[%emt 0:01:21]} c5 {[%emt 0:00:05]} 2. c3 {[%emt 0:00:09]} Nf6 {[%emt 0:00:05]} 3. e5 {[%emt 0:00:06]} Nd5 {[%emt 0:00:05]} 4. d4 {[%emt 0:00:20]} cxd4 {[%emt 0:00:06]} 5. Nf3 {[%emt 0:00:53]} e6 {[%emt 0:00:12]} 6. cxd4 {[%emt 0:00:10]} b6 {[%emt 0:00:29]} 7. Nc3 {[%emt 0:00:22]} Nxc3 {[%emt 0:00:06]} 8. bxc3 {[%emt 0:00:07]} Qc7 {[%emt 0:00:06]} 9. Bd2 {[%emt 0:00:36]} Be7 {[%emt 0:00:11]} 10. Bd3 {[%emt 0:00:57]} Ba6 {[%emt 0:00:14]} 11. Bxa6 {[%emt 0:00:07]} Nxa6 {[%emt 0:00:02]} 12. O-O {[%emt 0:01:19]} O-O {[%emt 0:00:10]} 13. Qe2 {[%emt 0:02:12]} Qb7 {[%emt 0:00:31]} 14. Bg5 {[%emt 0:05:09] B22: Sicilian: 2 c3} f6 {[%emt 0:04:03]} 15. exf6 {[%emt 0:00:07]} Bxf6 {[%emt 0:01:20]} 16. Bxf6 {[%emt 0:02:07]} gxf6 {[%emt 0:07:52]} (16... Rxf6 17. Ne5 Rd8 18. Rad1 Nc7 19. c4 d6 20. Ng4 Rf4 21. f3 Rdf8 {½-½ (49) Carmaciu,L (2388)-Nikolov,M (2553) Golden Sands 2012}) 17. a4 $146 {[%emt 0:08:41]} ({Predecessor:} 17. d5 Nc5 18. Rad1 Rae8 19. Nh4 exd5 20. Qg4+ Kh8 21. Nf5 Rg8 {1-0 (58) Garcia,E (2164)-Ovejero,J (2238) Bogota 2003}) 17... Nb8 {[%emt 0:07:30]} 18. Rfb1 {[%emt 0:06:17]} Qc7 {[%emt 0:02:09]} 19. a5 {[%emt 0:06:42]} bxa5 {[%emt 0:02:18]} 20. c4 {[%emt 0:04:21]} Nc6 {[%emt 0:18:36]} 21. d5 {[%emt 0:04:08]} exd5 {[%emt 0:16:03]} 22. cxd5 {[%emt 0:00:21]} Nb4 {[%emt 0:00:21]} 23. Qb5 {[%emt 0:05:48]} (23. Rc1 $5 {[%cal Rc1c7]} Qb6 24. Nh4 $14) 23... Rab8 {[%emt 0:02:02]} 24. Qxa5 {[%emt 0:00:19]} Qxa5 {[%emt 0:00:37]} 25. Rxa5 {[%emt 0:00:10]} Nxd5 {[%emt 0:00:06]} 26. Rba1 {[%emt 0:00:09]} Nc7 {[%emt 0:04:24]} 27. Rxa7 {[%emt 0:08:26]} Ra8 {[%emt 0:00:30]} 28. g4 {[%emt 0:00:13]} Rfc8 {[%emt 0:01:04]} 29. Kg2 $14 {[%emt 0:00:36]} Rxa7 {[%emt 0:04:43]} 30. Rxa7 {[%emt 0:00:08]} d6 {[%emt 0:04:29]} 31. Nd4 {[%emt 0:00:26]} Kf8 {[%emt 0:01:03]} 32. Nf3 1-0

[Event "ESP-ch Seniors 2017"]
[Site "Altea"]
[Date "2017.10.09"]
[Round "3"]
[White "Gonzalez Custodio, Rafael"]
[Black "Garcia Galeote, Lorenzo"]
[Result "1-0"]
[WhiteElo "2105"]
[BlackElo "1998"]
[Annotator "TA"]
[PlyCount "93"]
[EventDate "2017.??.??"]
[EventType "swiss"]
[EventCountry "ESP"]
[SourceTitle "playchess.com"]
[Source "ChessBase"]
[SourceQuality "1"]

{[%evp 17,93,0,22,-7,0,-4,-10,-15,-2,-14,-16,-18,-2,-10,-8,-18,0,-19,-5,-7,42,39,42,-1,-5,-12,0,0,0,-15,-2,-11,0,0,0,0,0,-10,-8,-9,0,0,0,0,0,0,0,0,0,0,3,0,0,0,0,0,0,0,0,0,0,0,0,0,0,-8,55,0,0,0,0,0,284,279,279,278,272,250]} 1. d4 g6 2. Nf3 Bg7 3. c3 Nf6 4. Bf4 O-O 5. Nbd2 d6 6. h3 b6 7. e3 Bb7 8. Be2 Nbd7 9. O-O e6 {LiveBook: 21 Games} 10. Re1 {A48: 1 d4 Nf6 2 Nf3 g6: Torre, London and Colle Systems} (10. a4 a5 11. Bh2 Qe7 12. Nc4 Ne4 13. Nfd2 Nxd2 14. Nxd2 f5 15. Bf3 Bxf3 16. Qxf3 Nf6 17. Qc6 Nd5 18. Rae1 Bh6 19. Re2 Qe8 20. Qc4 Qf7 21. Nf3 Rae8 22. Rfe1 Nf6 23. Bf4 Bg7 24. b4 Ne4 25. Ng5 Nxg5 26. Bxg5 {½-½ (26) Prohaszka,P (2596)-Kantans,T (2473) Minsk 2017}) 10... Qe7 11. Bh2 e5 12. dxe5 $146 {The position is equal.} ({Predecessor:} 12. Nc4 e4 13. Nfd2 d5 14. Na3 Ne8 15. c4 c6 16. cxd5 cxd5 17. Qb3 {½-½ (51) Galan Aguado,F (1820)-Roldan Garcia,A (1734) Collado Villalba 2012}) 12... Nxe5 13. Nxe5 (13. Qc2 {looks sharper.} Nfd7 14. Nd4 c5 15. N4f3 f5 16. Bg3) 13... dxe5 14. Bf3 Bxf3 15. Nxf3 Rfd8 16. Qc2 Ne8 17. e4 Rd7 18. Rad1 Rad8 19. Rxd7 Rxd7 20. Rd1 f6 21. Bg3 Qd8 22. Rxd7 Qxd7 23. Nh2 Bh6 24. Nf1 a5 25. f3 Ng7 26. Bf2 Ne6 27. a4 Bf8 28. Ne3 Bc5 29. Nd5 Kg7 30. b4 Bxf2+ 31. Kxf2 Qc6 32. Qb3 axb4 33. Qxb4 Qc5+ (33... Qd7 {feels hotter.} 34. Kg1 h5 35. Qa3 Kf7 36. a5 bxa5 37. Qxa5 c6) 34. Qxc5 Nxc5 35. Nxc7 Nxa4 $11 {[%mdl 4096] Endgame KN-KN} 36. Nd5 Nb2 37. Ke2 Nc4 $1 38. Kd3 b5 39. Kc2 f5 40. exf5 gxf5 41. Kb3 e4 (41... f4 $11) 42. fxe4 (42. Kb4 $14) 42... fxe4 43. Kb4 e3 {[#] Hoping for ...e2.} 44. Nf4 Nb6 $2 {[%mdl 8192]} (44... Kf6 $11) 45. Ne2 {White has a decisive advantage.} Kf6 46. Kxb5 Nd7 47. Kc4 {Precision: White = 48%, Black = 55%.} 1-0

[Event "ESP-ch Seniors 2017"]
[Site "Altea"]
[Date "2017.10.09"]
[Round "3"]
[White "Ladron De Guevara Galar, Fco J"]
[Black "Riquelme Valero, Manuel Damian"]
[Result "1/2-1/2"]
[WhiteElo "2081"]
[BlackElo "2147"]
[Annotator "ChessBase"]
[PlyCount "121"]
[EventDate "2017.??.??"]
[EventType "swiss"]
[EventCountry "ESP"]
[SourceTitle "playchess.com"]
[Source "ChessBase"]
[SourceQuality "1"]
[TimeControl "5400+30"]

1. d4 {[%emt 0:00:00]} f5 {[%emt 0:00:42]} 2. Nf3 Nf6 3. g3 {[%emt 0:00:56]} g6 {[%emt 0:03:05]} 4. Bg2 {[%emt 0:00:43]} Bg7 {[%emt 0:00:24]} 5. O-O {[%emt 0:00:20]} O-O 6. c4 {[%emt 0:00:36]} d6 {[%emt 0:01:18]} 7. Nc3 {[%emt 0:00:42]} c6 {[%emt 0:00:13]} 8. d5 {[%emt 0:00:23]} e5 {[%emt 0:02:28]} 9. dxe6 {[%emt 0:01:38]} Bxe6 {[%emt 0:02:01]} 10. b3 {[%emt 0:03:02]} Na6 {[%emt 0:05:48]} 11. Ng5 Re8 {[%emt 0:01:06]} 12. Nxe6 {[%emt 0:04:02]} Rxe6 {[%emt 0:05:38]} 13. Rb1 {[%emt 0:14:08]} Nc5 {[%emt 0:08:02]} 14. e3 {[%emt 0:03:40]} Qc7 {[%emt 0:09:31]} 15. Qc2 {[%emt 0:01:27]} Nce4 {[%emt 0:07:00]} 16. Ne2 {[%emt 0:04:20]} a5 {[%emt 0:05:37]} 17. Bb2 Ree8 {[%emt 0:01:53]} 18. Rbd1 {[%emt 0:04:10]} Rad8 {[%emt 0:05:48]} 19. Bd4 {[%emt 0:13:40]} c5 {[%emt 0:03:19]} 20. Ba1 {[%emt 0:06:47]} Qe7 21. Nf4 {[%emt 0:02:36]} g5 {[%emt 0:10:49]} 22. Nd5 Nxd5 23. Rxd5 {[%emt 0:00:43]} Bxa1 {[%emt 0:02:14]} 24. Rxa1 Qf6 {[%emt 0:00:38]} 25. Rc1 {[%emt 0:00:29]} g4 {[%emt 0:00:37]} 26. Bxe4 Rxe4 27. Qc3 {[%emt 0:03:24]} Qxc3 {[%emt 0:03:55]} 28. Rxc3 Re5 {[%emt 0:14:04]} 29. Rcd3 {[%emt 0:00:43]} Rxd5 {[%emt 0:00:24]} 30. Rxd5 {[%emt 0:00:08]} a4 {[%emt 0:00:08]} 31. Rxf5 {[%emt 0:03:38]} axb3 {[%emt 0:00:57]} 32. axb3 {[%emt 0:00:07]} Ra8 {[%emt 0:00:24]} 33. Rd5 {[%emt 0:02:56]} Ra6 34. Kg2 Rb6 {[%emt 0:00:41]} 35. Rd3 {[%emt 0:00:39]} Kf7 {[%emt 0:01:00]} 36. h3 {[%emt 0:02:48]} h5 {[%emt 0:02:33]} 37. f3 {[%emt 0:01:35]} Ke6 {[%emt 0:00:10]} 38. hxg4 {[%emt 0:00:30]} hxg4 {[%emt 0:00:08]} 39. fxg4 Rb4 {[%emt 0:00:08]} 40. Kf3 {[%emt 0:01:36]} b5 {[%emt 0:00:42]} 41. cxb5 {[%emt 0:04:54]} d5 {[%emt 0:02:18]} 42. Rc3 {[%emt 0:03:39]} Rxb5 {[%emt 0:03:41]} 43. Kf4 d4 {[%emt 0:00:09]} 44. exd4 {[%emt 0:01:23]} cxd4 {[%emt 0:00:52]} 45. Rc8 {[%emt 0:12:10]} Rxb3 {[%emt 0:00:19]} 46. Rd8 {[%emt 0:00:51]} Rd3 {[%emt 0:00:19]} 47. g5 {[%emt 0:01:16]} Rd1 {[%emt 0:02:12]} 48. g6 {[%emt 0:00:25]} Rf1+ 49. Kg5 Rf5+ {[%emt 0:00:39]} 50. Kh6 {[%emt 0:00:52]} Rf3 51. g7 {[%emt 0:01:41]} Rxg3 {[%emt 0:00:16]} 52. g8=Q+ Rxg8 {[%emt 0:00:11]} 53. Rxg8 {[%emt 0:01:10]} Kf5 54. Rd8 {[%emt 0:02:22]} Ke4 {[%emt 0:00:43]} 55. Kg5 {[%emt 0:01:11]} d3 {[%emt 0:00:00]} 56. Kg4 {[%emt 0:01:38]} Ke3 {[%emt 0:00:27]} 57. Kg3 {[%emt 0:01:10]} d2 {[%emt 0:00:12]} 58. Re8+ Kd3 59. Rd8+ {[%emt 0:00:51]} Ke2 {[%emt 0:00:40]} 60. Rxd2+ {[%emt 0:00:04]} Kxd2 61. Kf4 1/2-1/2

[Event "ESP-ch Seniors 2017"]
[Site "Altea"]
[Date "2017.10.09"]
[Round "3"]
[White "Clari Mascarell, Jose Javier"]
[Black "Elissalt Cardenas, Hector"]
[Result "0-1"]
[WhiteElo "2047"]
[BlackElo "2324"]
[Annotator "TA"]
[PlyCount "68"]
[EventDate "2017.??.??"]
[EventType "swiss"]
[EventCountry "ESP"]
[SourceTitle "playchess.com"]
[Source "ChessBase"]
[SourceQuality "1"]

{[%evp 19,68,0,0,0,0,-35,-32,-49,-40,-100,-100,-128,-115,-116,-73,-73,-73,-83,-69,-82,-67,-76,-74,-78,-79,-179,-134,-143,-129,-134,-125,-180,-185,-224,-239,-234,-227,-308,-308,-306,-308,-291,-286,-385,-376,-683,-670,-1010,-975,-29988,-29989]} 1. d4 Nf6 2. Nf3 e6 3. Bg5 h6 4. Bh4 d6 5. Nbd2 Nbd7 6. e3 {A46: 1 d4 Nf6 2 Nf3 e6: Torre, London and Colle Systems} (6. c3 g5 7. Bg3 Nh5 8. e4 Bg7 9. Bd3 Qe7 10. Qe2 a6 11. Nc4 b6 12. Nfd2 Nxg3 13. hxg3 {1-0 (51) Sjugirov,S (2665)-Vallejo Pons,F (2711) Almaty 2016}) 6... b6 7. Bd3 Bb7 8. O-O g5 9. Bg3 Nh5 10. e4 Bg7 {LiveBook: 3 Games} 11. c3 Nxg3 12. hxg3 $146 ({Predecessor:} 12. fxg3 g4 13. Ne1 Qg5 14. Qe2 O-O 15. Nc2 {1-0 (42) Illner,A (2350)-Schulze,H (2235) Dortmund 1992}) 12... h5 13. Qe2 g4 14. Ne1 ({White should play} 14. Nh4 $15) 14... Qg5 $17 15. Qe3 Qxe3 16. fxe3 Bh6 17. Kf2 Bg5 18. Rh1 Ke7 19. Nc2 Rh6 20. Rh2 Rah8 21. Rah1 c5 22. Nf1 {[#]} (22. b4 $17 {is a better defense.}) 22... c4 $1 {[%mdl 512]} 23. Bxc4 Bxe4 24. Ne1 Nf6 25. Nd2 (25. Bd3 $17) 25... h4 $19 26. Ke2 h3 ({Much less strong is} 26... hxg3 27. Rxh6 Rxh6 28. Rxh6 $17) 27. Rg1 Bb7 28. gxh3 gxh3 29. g4 Rh4 30. Nef3 Nxg4 31. Nxh4 Nxh2 ({Not} 31... Rxh4 32. Rxg4 Rxg4 33. Rxh3 $17) 32. Rxg5 $2 (32. Nhf3 Nxf3 33. Nxf3) 32... Rxh4 33. Kf2 Ng4+ 34. Kg3 {[#]} h2 $1 {[%mdl 512] Precision: White = 31%, Black = 67%.} 0-1